000 00618nam a2200229Ia 4500
001 9842
003 GE_BSU
008 181216s||||||||xx |||||||||||||| ||und||
040 _cGE_BSU
080 _a821.353.1-1
100 _aნონეშვილი,იოსებ
245 _aლირიკა
245 _bლექსები
245 _cრედ:შ,სულაბერიძე
260 _aთბილისი
260 _bსახელგამი
260 _c1956
300 _a66გვ;16სმ
653 _aლექსები
653 _aლირიკა
942 _cBK
999 _c43121
_d43121